000 00835cab a2200217 4500
001 ABS48644
008 090401t1993 xxu||||| |||| 00| 0 eng d
035 _a(Sirsi) u67747
041 _aeng
245 _aLonsdale & Thompson Ltd v Black Arrow Group plc and another
260 _c1993
350 _a0
490 _aWeekly Law Reports
_v(1993) 2 WLR 815-824(6)
520 _aChD 3 December 1992. A case where insurers were "held" liable to pay the full reinstatement costs for a property which suffered a fire. The premium payer and landlord completed the sale of the property just after the fire occurred. (See ABS48237).
650 _aBUILDINGS INSURANCE
650 _aFIRE INSURANCE
650 _aBUILT ENVIRONMENT-BUILDING COSTS-REINSTATEMENT COSTS
690 _aINSURANCE-CASE LAW
942 _n0
948 _c04/03/1997
999 _c42426
_d42426